Katharina II., Russland und Europa. Beiträge zur internationalen Forschung (Titelsatznr. 11582)
[ MARC ]
| 000 -Satzkennung | |
|---|---|
| Kontrollfeld mit fester Länge | 00657nam a22001931c 4500 |
| 001 - Kontrollnummer | |
| Kontrollfeld | a74849 |
| 008 - Feld mit fester Länge zur physischen Beschreibung - Allgemeine Angaben | |
| Kontrollfeld mit fester Länge | 051021s2001 gw a||| 000u eng d |
| 020 ## - Internationale Standardbuchnummer | |
| Internationale Standardbuchnummer | 3805320094 |
| Verknüpfung | 3-8053-2009-4 |
| 041 ## - Sprachcode | |
| Sprachcode des Textes/der Tonspur oder des separaten Titels | eng |
| 040 ## - Katalogisierungsquelle | |
| Übertragungsstelle | RU-10907106 |
| 003 - Kontrollnummer Identifier | |
| Kontrollfeld | RU-10907106 |
| 245 00 - Titel | |
| Titel | Katharina II., Russland und Europa. Beiträge zur internationalen Forschung |
| 264 ## - Produktion, Veröffentlichung, Distribution, Herstellung und Urheberrechtsvermerk | |
| Herstellungs-, Veröffentlichungs- Vertriebs-, Erzeugungsort | Mainz : |
| Produzent, Herausgeber, Distributor, Hersteller | von Zabern, |
| Datum der Herstellung, der Veröffentlichung, des Vertriebs oder des Urheberschutzvermerks | 2001 |
| 300 ## - Physische Beschreibung | |
| Umfang | XXX, 607 S. : Ill |
| 490 #0 - Gesamttitelangabe | |
| Gesamttitelangabe | Veröffentlichungen des Instituts für Europäische Geschichte Mainz / Beiheft |
| Bandnummer/Folgebezeichnung | 45 : Abteilung für Universalgeschichte |
| 650 #0 - Nebeneintragung unter einem Schlagwort - Sachschlagwort | |
| Sachschlagwort oder geografischer Name als Eintragungselement | Katharina II., Russland, Zarin |
| 700 1# - Nebeneintragung - Personenname | |
| Personenname | Scharf, Claus |
| Funktionsbezeichnung | HerausgeberIn |
| 942 ## - Zusätzliche Felder (Koha) | |
| Koha-Medientyp | Monographien |
| Ausgeschieden | Verloren | Klassifikation oder Aufstellungssystematik | Beschädigt | Nicht entleihbar | Heimatbibliothek | Aufenthaltsbibliothek | Aufstellungsort | Erwerbungsdatum | Inventarnummer | Signatur | Barcode | Letzte Aktivität | Preis gültig von | Koha-Medientyp |
|---|---|---|---|---|---|---|---|---|---|---|---|---|---|---|
| Andere/Generische Klassifikation | MWN Osteuropa | MWN Osteuropa | Magazin - 2 | 21/10/2005 | 06-00583 | R 52 ad Eka 4 | E004015078FBB945 | 22/02/2021 | 22/03/2021 | Monographien |